000 00750nam a2200241 a 4500
001 BRCA_3804
005 20190320204430.0
008 100610s1974----nyua######---#000-0#eng-#
020 _a0060105992
041 _aeng
044 _anyu
050 4 _aN5265
_b.C36 1974
100 1 _aCanfield, Cass
_99915
245 1 0 _aThe Incredible Pierpont Morgan
_bFinancier and Art Collector
_cCass Canfield.
260 _aNueva York
_bHarper & Row
_c1974
300 _a176 p.
_bil. (algunas a color)
_c26 cm.
500 _aIncluye apéndice, notas de ilustraciones, lista de ilustraciones e índice alfabético
500 _aAM33
504 _aBibliografía: p. 172
650 1 4 _aArte
_xColeccionistas y colecciones
_97445
902 _aGFM
942 _2lcc
_cB
999 _c3533
_d3533